Rubber price: Major upturn in global NR prices not imminent (Record no. 67909)

MARC details
000 -LEADER
fixed length control field 00819nam a2200145Ia 4500
100 ## - MAIN ENTRY--AUTHOR NAME
Personal name Mathews A Saji
245 #0 - TITLE STATEMENT
Title Rubber price: Major upturn in global NR prices not imminent
260 ## - PUBLICATION, DISTRIBUTION, ETC. (IMPRINT)
Name of publisher Rubber Asia
Year of publication 2013
300 ## - PHYSICAL DESCRIPTION
Number of Pages 82-86
520 ## - SUMMARY, ETC.
Summary, etc the dull setiment in global natural rubber(NR) market is likely to continue for some more time in the baxkdrop of the weakening demand for the commodity. NR physical prices have been falling in the first half of 2013. Concerns over weak demand on continuing fragility in the global economic recovery as well as the negative sentiments on account of high levels of stocks in China and producing coountries indicate that a major upturn in prices is not imminent.
650 ## - SUBJECT ADDED ENTRY--TOPICAL TERM
Topical Term IRSG
650 ## - SUBJECT ADDED ENTRY--TOPICAL TERM
Topical Term Natural rubber
942 ## - ADDED ENTRY ELEMENTS (KOHA)
Koha item type Journals
Holdings
Withdrawn status Lost status Damaged status Not for loan Home library Current library Date acquired Serial Enumeration / chronology Koha item type
      Journals RRII Library RRII Library 21/03/2014 Volume 28, Issue 5 Journals